| 000 | 00414nam a2200169Ia 4500 | ||
|---|---|---|---|
| 008 | 121009t2001 xxu||||| |||| 00| 0 sin d | ||
| 041 | _asin | ||
| 080 |
_a8 S 31 _bRAH |
||
| 100 | _aRahubaddha,Sumithra | ||
| 245 | _aඋදානය | ||
| 246 | _aUdanaya | ||
| 260 |
_bSarasavi Publishers _aNugegoda _c2001 |
||
| 300 | _a140p., 21 cm | ||
| 942 | _cBK | ||
| 999 |
_c71716 _d71716 |
||
| 003 | LK-CoDNM | ||
| 040 |
_aLK-CoDNM _dLK-CoDNM _eLK-CoDNM |
||